| 000 | 02086nam a22002297a 4500 | ||
|---|---|---|---|
| 001 | 6699 | ||
| 003 | FISKH | ||
| 005 | 20250521113508.0 | ||
| 008 | 250521b cb ||||| |||| 00| 0 eng d | ||
| 040 |
_aFISKH _bkhr _cFISKH _dFISKH |
||
| 082 | _a800 | ||
| 100 | _aNgoy, Krom | ||
| 245 |
_aបណ្តាំក្រមង៉ុយ / _cនិពន្ធដោយ អ្នកព្រះភិរម្យភាសា អ៊ូ ហៅ ង៉ុយ |
||
| 260 |
_aភ្នំពេញ : _bបោះពុម្ពផ្សាយដោយអង្គការសន្តិស្ម័គ្រចិត្តកម្ពុជា ( អេស វី អេ ) , _c២០០៥ . |
||
| 300 |
_a133 pages : _billustrations ; _c21 cm . |
||
| 520 | _aសៀវភៅ «បណ្តាំក្រមង៉ុយ» និពន្ធដោយ អ្នកព្រះភិរម្យភាសា អ៊ូ ហៅ ង៉ុយ គឺជាស្នាដៃអក្សរសិល្ប៍ប្រកបដោយសារៈធម៌ និងគុណធម៌ដែលមានតម្លៃខ្ពស់ ក្នុងសង្គមខ្មែរ។ សៀវភៅនេះត្រូវបានសរសេរជាកាព្យ ប្រើភាសាសាមញ្ញ បែបសំណេរពោរពេញដោយការណែនាំ និងបង្រៀនដល់ជំនាន់ក្រោម ដូចជាកូន ចៅ អ្នករៀន និងប្រជាជនជាទូទៅ។ | ||
| 520 | _aThe book "Bondam Kram Ngoy", written by Neak Preah Phirum Phiesa Ou, also known as Ngoy, is a literary work rich in moral and ethical values that holds great significance in Khmer society. Written in poetic form using simple, accessible language, the book is filled with guidance and teachings directed toward the younger generation, including children, students, and the general public. | ||
| 650 | _aបណ្តាំក្រមង៉ុយ | ||
| 650 | _aBondam Krom Ngoy | ||
| 942 |
_2ddc _cKHB _n0 |
||
| 999 |
_c6699 _d6699 |
||